000 00946nam a22002777a 4500
005 20240530110357.0
008 150114s2006 ua o f 000 0 ara d
017 _a2006/16604
_bمصر . دار الكتب المصرية
020 _a9770917273
040 _aEG-CaGPL
041 0 _aara
082 0 4 _221
_a932
_bق/ ز ر
100 0 _aزاهى حواس
245 1 0 _aرحلات و اسرار :
_bصفحات فى تاثير الحضارة المصرية على العالم /
_cزاهى حواس
250 _aط1
260 _aالقاهرة :
_bدار الشروق ،
_c2006
300 _a159 ص :
_bصور ؛
_c24 سم
650 0 4 _aالاثاء الفرعونية
650 0 4 _aالحضارة الفرعونية
650 0 4 _aمصر القديمة
_xتاريخ
650 0 4 _aالاهرام
650 0 4 _aالمومياءات
650 0 4 _aابو الهول
942 _2ddc
_cBK
999 _c60196
_d60196